| 000 | 00768nam a22002532a 4500 | ||
|---|---|---|---|
| 001 | 1516 | ||
| 003 | UkOxU | ||
| 005 | 20211208233342.0 | ||
| 008 | 131123r19521949enk 000 0 eng d | ||
| 035 | _a(BDjRUL)1539 | ||
| 040 |
_aCSL _cCSL _dUKM _dBDjRUL _beng |
||
| 041 | _aeng | ||
| 082 |
_a025.52 _218 _bCOI 1952 |
||
| 100 | 1 |
_aCollison, Robert Lewis. _91664 |
|
| 245 | 1 | 0 |
_aInformation services : _btheir organization and administration / _cLionel R. McColvin. |
| 260 |
_aLondon : _bJ. Clarke, _c1949 [Reprinted 1952] |
||
| 300 |
_aiii, 80 p. : _billus. ; _c22 cm |
||
| 504 | _aIncludes bibliographies | ||
| 650 | 0 |
_aLibrary science _94694 |
|
| 650 | 0 |
_aLibrary administration _94695 |
|
| 650 | 0 |
_aInformation services _94696 |
|
| 942 |
_2ddc _cBK |
||
| 999 |
_c1516 _d1516 |
||